| 000 | 00795cab a2200289 4500 | ||
|---|---|---|---|
| 001 | ABS57643 | ||
| 008 | 090401t1997 xxu||||| |||| 00| 0 eng d | ||
| 035 | _a(Sirsi) u80741 | ||
| 041 | _aeng | ||
| 100 | _aGrantham, J. | ||
| 245 | _aAggregates - issues on the horizon | ||
| 260 | _c1997 | ||
| 350 | _a0 | ||
| 490 |
_aMineral Planning _v7(2) September 1997, 43-46(4) |
||
| 520 | _aAn overview of the approach to aggregates planning in the UK. | ||
| 650 | _aAGGREGATES | ||
| 650 | _aDEVELOPMENT PLANS | ||
| 650 | _aLANDBANKS | ||
| 650 | _aMINERAL PLANNING | ||
| 650 | _aMINERALS PLANNING GUIDANCE NOTE SIX | ||
| 650 | _aRELEASE OF LAND | ||
| 650 | _aSUSTAINABLE DEVELOPMENT | ||
| 690 | _aMINING AND MINERALS | ||
| 700 | _aMedhurst, J. | ||
| 942 | _n0 | ||
| 948 | _c09/09/1997 | ||
| 999 |
_c50835 _d50835 |
||